[Event "Quebec op Open"]
[Site "Montreal CAN"]
[Date "2010.07.29"]
[Round "7"]
[White "MacKinnon, Keith"]
[Black "Hajiyev, Elshad"]
[Result "1-0"]
[WhiteElo "2280"]
[BlackElo "2121"]
[PlyCount "71"]
[EventDate "2010.07.24"]
[EventType "swiss"]
[EventRounds "9"]
[EventCountry "CAN"]

1. e4 c6 2. d4 d5 3. e5 Bf5 4. Nf3 e6 5. Be2 Ne7 6. O-O Nd7 7. Nbd2 c5 8. c4
Qc7 9. cxd5 Nxd5 10. Nc4 Be7 11. Bg5 f6 12. Bh4 Bg6 13. Re1 Bf7 14. Rc1 O-O 15.
exf6 gxf6 16. Bd3 Qf4 17. Bg3 Qh6 18. Be4 N7b6 19. Nxb6 Nxb6 20. dxc5 Rad8 21.
Qb3 e5 22. Qb5 Be8 23. Qa5 Na4 24. c6 bxc6 25. Qxa4 f5 26. Bxc6 f4 27. Bxe8
fxg3 28. Bc6 gxf2+ 29. Kxf2 Bh4+ 30. g3 Rd2+ 31. Kg1 Bxg3 32. hxg3 Rxf3 33.
Bd5+ Rxd5 34. Qg4+ Qg6 35. Qxf3 Rd3 36. Rc8+ 1-0

[Event "Quebec op Open"]
[Site "Montreal CAN"]
[Date "2010.07.29"]
[Round "7"]
[White "Malette, Martin"]
[Black "Zhang, Zhiyuan"]
[Result "0-1"]
[WhiteElo "1981"]
[BlackElo "1893"]
[PlyCount "56"]
[EventDate "2010.07.24"]
[EventType "swiss"]
[EventRounds "9"]
[EventCountry "CAN"]

1. e4 e6 2. d4 d5 3. Nc3 dxe4 4. Nxe4 Nf6 5. Bg5 Be7 6. Bxf6 gxf6 7. Nf3 b6 8.
Bb5+ c6 9. Ba4 Rg8 10. Qe2 Qc7 11. d5 b5 12. d6 Qa5+ 13. c3 bxa4 14. dxe7 Kxe7
15. O-O Ba6 16. c4 Nd7 17. b3 Rad8 18. Rad1 Nb6 19. Nd4 Bb7 20. c5 Nd5 21. Nd6
Qc7 22. Nxf7 Nf4 23. Qe4 Kxf7 24. g3 Nh3+ 25. Kg2 Ng5 26. Qg4 Qe5 27. Qh5+ Ke7
28. h4 Nf7 0-1

[Event "Quebec op Open"]
[Site "Montreal CAN"]
[Date "2010.07.29"]
[Round "7"]
[White "Nicula, Marius"]
[Black "Libersan, Thierry"]
[Result "1-0"]
[WhiteElo "2183"]
[BlackElo "2118"]
[PlyCount "35"]
[EventDate "2010.07.24"]
[EventType "swiss"]
[EventRounds "9"]
[EventCountry "CAN"]

1. e4 c5 2. Nf3 e6 3. c3 d5 4. e5 Ne7 5. d4 Nec6 6. Bd3 Be7 7. O-O b6 8. Re1
Nd7 9. dxc5 bxc5 10. c4 d4 11. Bf4 Rb8 12. Nbd2 Qc7 13. b3 h6 14. Ne4 Ncxe5 15.
Nxe5 Nxe5 16. Qh5 Bf6 17. Nxf6+ gxf6 18. Rxe5 1-0

[Event "Quebec op Open"]
[Site "Montreal CAN"]
[Date "2010.07.29"]
[Round "7"]
[White "Pepin, Christian"]
[Black "Abran, David"]
[Result "1/2-1/2"]
[WhiteElo "1964"]
[BlackElo "1798"]
[PlyCount "109"]
[EventDate "2010.07.24"]
[EventType "swiss"]
[EventRounds "9"]
[EventCountry "CAN"]

1. e4 c5 2. Nc3 Nc6 3. g3 g6 4. Bg2 Bg7 5. Nge2 e6 6. O-O Nge7 7. d3 O-O 8. Be3
d6 9. d4 cxd4 10. Nxd4 Nxd4 11. Bxd4 e5 12. Be3 a6 13. Qd2 Qc7 14. Rad1 Rd8 15.
Na4 Qc6 16. Nb6 Rb8 17. Nxc8 Rbxc8 18. Qb4 b5 19. Rd2 Qc4 20. Qa5 Nc6 21. Qa3
Bf8 22. Qb3 Na5 23. Qd3 Qxa2 24. b3 Qb2 25. Bb6 Rc3 26. Bxa5 Rxd3 27. cxd3 Qxb3
28. Bxd8 Qc3 29. Ra2 Kg7 30. Rxa6 Qc8 31. Rb6 Qxd8 32. Rxb5 Qc8 33. Rfb1 h5 34.
h4 g5 35. hxg5 Qg4 36. Bf1 h4 37. Kg2 Be7 38. Re1 hxg3 39. Re3 gxf2+ 40. Rg3
Qd7 41. Rb2 d5 42. Rxf2 dxe4 43. dxe4 Qa4 44. Bd3 Bc5 45. Rf1 Qa2+ 46. Kh3 Be7
47. Rf5 Kg6 48. Rxe5 Bd6 49. Rd5 Bxg3 50. Kxg3 Kg7 51. Kf3 Qh2 52. Ke3 Qg1+ 53.
Kf4 Qf2+ 54. Kg4 Qg2+ 55. Kf4 1/2-1/2

[Event "Quebec op Open"]
[Site "Montreal CAN"]
[Date "2010.07.29"]
[Round "7"]
[White "Plante, Michel"]
[Black "Oussedik, Elias"]
[Result "0-1"]
[WhiteElo "2108"]
[BlackElo "2154"]
[PlyCount "62"]
[EventDate "2010.07.24"]
[EventType "swiss"]
[EventRounds "9"]
[EventCountry "CAN"]

1. d4 e6 2. Nf3 Nf6 3. e3 c5 4. Bd3 Be7 5. O-O O-O 6. b3 b6 7. Bb2 Bb7 8. Nbd2
d6 9. c4 Qc7 10. Rc1 Nbd7 11. Re1 Rac8 12. Qe2 Qb8 13. Bb1 a6 14. e4 cxd4 15.
Nxd4 Rfd8 16. Nf1 Bf8 17. Ng3 g6 18. h4 h5 19. Nf3 Ng4 20. Ng5 d5 21. cxd5 Rxc1
22. Rxc1 exd5 23. f3 Bc5+ 24. Rxc5 Qxg3 25. fxg4 bxc5 26. Qf1 Rf8 27. gxh5 Qxh4
28. Nf3 Qxh5 29. Qd3 d4 30. Nxd4 cxd4 31. Qxd4 Qc5 0-1

[Event "Quebec op Open"]
[Site "Montreal CAN"]
[Date "2010.07.29"]
[Round "7"]
[White "Ramaswamy, Kishor"]
[Black "Gagnon, Serge"]
[Result "1/2-1/2"]
[WhiteElo "2178"]
[BlackElo "2072"]
[PlyCount "115"]
[EventDate "2010.07.24"]
[EventType "swiss"]
[EventRounds "9"]
[EventCountry "CAN"]

1. d4 d6 2. Nf3 Nc6 3. Bf4 g6 4. c3 Bh6 5. Qc1 Bxf4 6. Qxf4 e6 7. e4 Qf6 8.
Qxf6 Nxf6 9. e5 Nd7 10. Bb5 a6 11. Bxc6 bxc6 12. Nbd2 Rb8 13. b4 c5 14. bxc5
dxc5 15. O-O Bb7 16. Rfb1 Ke7 17. Ne1 cxd4 18. cxd4 c5 19. dxc5 Nxe5 20. f4 Nd7
21. Nd3 Bd5 22. Rc1 Rhc8 23. a4 Rb7 24. Ra3 f6 25. Rac3 Nb8 26. Nc4 Bxc4 27.
Rxc4 Nc6 28. Re1 Rd8 29. Rce4 Rxd3 30. Rxe6+ Kd7 31. Rxf6 Rc7 32. Ree6 Rd5 33.
Rd6+ Rxd6 34. cxd6 Rc8 35. g4 Nd8 36. f5 gxf5 37. gxf5 Rc5 38. Kf2 Rd5 39. Rh6
Rxf5+ 40. Ke3 Rf7 41. Kd4 Nb7 42. Kd5 Rg7 43. h4 Rf7 44. h5 Rg7 45. Ke5 Rf7 46.
Kd5 a5 47. Kc4 Nd8 48. Kd5 Rg7 49. Ke5 Nf7+ 50. Kf6 Nxh6 51. Kxg7 Ng4 52. Kxh7
Nf6+ 53. Kg6 Nxh5 54. Kxh5 Kxd6 55. Kg4 Kc5 56. Kf3 Kb4 57. Ke2 Kxa4 58. Kd2
1/2-1/2

[Event "Quebec op Open"]
[Site "Montreal CAN"]
[Date "2010.07.29"]
[Round "7"]
[White "Robichaud, Louis"]
[Black "Khassanov, Marat"]
[Result "0-1"]
[WhiteElo "2025"]
[BlackElo "2303"]
[PlyCount "94"]
[EventDate "2010.07.24"]
[EventType "swiss"]
[EventRounds "9"]
[EventCountry "CAN"]

1. e4 c5 2. Nc3 Nc6 3. g3 g6 4. Bg2 Bg7 5. d3 d6 6. f4 Nf6 7. Nf3 O-O 8. O-O
Rb8 9. h3 b5 10. a3 Nd7 11. Rb1 a5 12. Be3 b4 13. axb4 axb4 14. Ne2 Ra8 15. c3
Ba6 16. Qd2 e6 17. c4 Bb7 18. g4 Re8 19. g5 f5 20. gxf6 Qxf6 21. Ng5 Nd8 22. e5
Qe7 23. Ne4 dxe5 24. fxe5 Bxe5 25. Bg5 Qg7 26. N2g3 Bxe4 27. Nxe4 Ra2 28. Kh1
Nf7 29. Rf2 Rea8 30. Qc1 Bd4 31. Re2 R8a6 32. h4 h6 33. Be3 Kh7 34. Bh3 Nfe5
35. Bxd4 cxd4 36. Qd1 Qe7 37. Rf2 Qxh4 38. Qf1 Kg7 39. c5 Qe7 40. Kg2 Nxc5 41.
Nxc5 Qxc5 42. Rc1 Qd5+ 43. Kg1 Ra7 44. Bg2 Qd6 45. Be4 Ng4 46. Rg2 h5 47. Qe1
Qf4 0-1

[Event "Quebec op Open"]
[Site "Montreal CAN"]
[Date "2010.07.29"]
[Round "7"]
[White "Robidas, Francois"]
[Black "Carrier, Claude"]
[Result "1-0"]
[WhiteElo "2002"]
[BlackElo "1939"]
[PlyCount "73"]
[EventDate "2010.07.24"]
[EventType "swiss"]
[EventRounds "9"]
[EventCountry "CAN"]

1. e4 c5 2. Nf3 e6 3. c3 d5 4. exd5 Qxd5 5. d4 Nf6 6. Be3 cxd4 7. cxd4 Bb4+ 8.
Nc3 O-O 9. Bd3 a6 10. O-O Bxc3 11. bxc3 Nbd7 12. c4 Qc6 13. Qc2 h6 14. Rfe1 b5
15. Ne5 Nxe5 16. dxe5 Bb7 17. f3 bxc4 18. exf6 cxd3 19. Qxd3 Rfd8 20. Qe2 Qb5
21. Qf2 Qf5 22. fxg7 Qf6 23. Rab1 Rd7 24. Rb4 Rad8 25. h3 a5 26. Rh4 Rd1 27.
Rxd1 Rxd1+ 28. Kh2 Qe5+ 29. Bf4 Qa1 30. Bxh6 Rh1+ 31. Kg3 f5 32. Rd4 Bd5 33.
Qe3 Re1 34. Qa3 f4+ 35. Kh4 Qxa2 36. Qf8+ Kh7 37. g8=Q# 1-0

[Event "Quebec op Open"]
[Site "Montreal CAN"]
[Date "2010.07.29"]
[Round "7"]
[White "Rosen, Matthew"]
[Black "Enkh-Amar, Galbadrakh"]
[Result "0-1"]
[WhiteElo "2113"]
[BlackElo "2146"]
[PlyCount "64"]
[EventDate "2010.07.24"]
[EventType "swiss"]
[EventRounds "9"]
[EventCountry "CAN"]

1. d4 Nf6 2. Nf3 e6 3. Bg5 d5 4. e3 Be7 5. c4 Nbd7 6. Nbd2 O-O 7. Rc1 b6 8.
cxd5 exd5 9. Bb5 Bb7 10. Bxd7 Qxd7 11. Ne5 Qd8 12. Qa4 c5 13. O-O Ne4 14. Bxe7
Qxe7 15. Nxe4 dxe4 16. Rfd1 Rfd8 17. h3 h5 18. dxc5 Qxe5 19. c6 b5 20. Rxd8+
Rxd8 21. Qa5 Rc8 22. c7 Kh7 23. Rc3 Qd5 24. g3 Qd7 25. a4 Qd1+ 26. Kg2 Qxa4 27.
Qxa4 bxa4 28. Kf1 Kg8 29. Ke1 Kf8 30. Kd2 Ke7 31. Rc5 g6 32. Kc3 Kd6 0-1

[Event "Quebec op Open"]
[Site "Montreal CAN"]
[Date "2010.07.29"]
[Round "7"]
[White "Sasseville, Jean"]
[Black "Ah-Lan, Kenny"]
[Result "0-1"]
[WhiteElo "1938"]
[BlackElo "2094"]
[PlyCount "218"]
[EventDate "2010.07.24"]
[EventType "swiss"]
[EventRounds "9"]
[EventCountry "CAN"]

1. Nf3 d5 2. d4 c6 3. c4 Nf6 4. Nc3 e6 5. Bg5 h6 6. Bh4 g5 7. Bg3 dxc4 8. e4 b5
9. h4 g4 10. Ne5 Bb7 11. Nxg4 Nxg4 12. Qxg4 Qxd4 13. Rd1 Qg7 14. Be2 Nd7 15.
Qf4 Qf6 16. Qc7 Nc5 17. Be5 Qg6 18. Bxh8 b4 19. O-O Rc8 20. Qf4 bxc3 21. Bxc3
Qxe4 22. Qxe4 Nxe4 23. Bxc4 Nxc3 24. bxc3 Bg7 25. Rd3 Ke7 26. Rfd1 Rc7 27. Bb3
c5 28. f3 Bf6 29. g3 Bc8 30. Bc4 Bd7 31. Rb1 Bc6 32. Rb3 Be5 33. Kf2 Bg7 34.
Rd2 a5 35. Rc2 Ba4 36. Bb5 Bxb3 37. axb3 Rb7 38. Ba4 Rb8 39. Ke2 Rd8 40. Bb5 f5
41. Bd3 Be5 42. f4 Bf6 43. Ke3 Ra8 44. Kf3 Rb8 45. Bc4 Rb6 46. g4 Bxh4 47. gxf5
exf5 48. Rh2 Bf6 49. Rxh6 Rd6 50. Rh5 Bxc3 51. Rxf5 Bd4 52. Rf7+ Ke8 53. Ra7
Bc3 54. Rc7 Bd4 55. Ke4 Kd8 56. Rb7 Rd7 57. Rb5 Ra7 58. Rb8+ Ke7 59. Bb5 Kf6
60. Rb6+ Kg7 61. Re6 Rb7 62. Bc4 Ra7 63. f5 Bf6 64. Rc6 a4 65. bxa4 Rxa4 66.
Rxc5 Ra7 67. Be6 Ra4+ 68. Kd5 Rd4+ 69. Kc6 Rd2 70. Rc4 Rd4 71. Rc2 Be5 72. Rg2+
Kf6 73. Rg6+ Ke7 74. Rh6 Bg7 75. Rh1 Rd6+ 76. Kc5 Rd8 77. Rb1 Bd4+ 78. Kc6 Rd6+
79. Kc7 Be5 80. Kc8 Rd8+ 81. Kb7 Rb8+ 82. Kc6 Rxb1 83. Kd5 Bd6 84. Ke4 Rb5 85.
Kd4 Kf6 86. Ke4 Be5 87. Bc8 Ke7 88. Be6 Kd6 89. Bc8 Rb4+ 90. Ke3 Bf6 91. Be6
Ke5 92. Kd3 Kf4 93. Ke2 Rd4 94. Bc8 Bg5 95. Be6 Kg3 96. Bc8 Rd2+ 97. Ke1 Rc2
98. Be6 Kf3 99. Bd5+ Ke3 100. Kf1 Rf2+ 101. Kg1 Rxf5 102. Be6 Rf2 103. Bd5 Bh4
104. Be6 Kf4 105. Bd5 Kg3 106. Bg8 Bg5 107. Bh7 Be3 108. Bd3 Rf4+ 109. Kh1 Rh4#
0-1

[Event "Quebec op Open"]
[Site "Montreal CAN"]
[Date "2010.07.29"]
[Round "7"]
[White "Voskanyan, Vahagn"]
[Black "Berube, Antoine"]
[Result "1-0"]
[WhiteElo "2202"]
[BlackElo "2093"]
[PlyCount "65"]
[EventDate "2010.07.24"]
[EventType "swiss"]
[EventRounds "9"]
[EventCountry "CAN"]

1. e4 c5 2. Nf3 d6 3. Bb5+ Bd7 4. Bxd7+ Qxd7 5. d4 cxd4 6. Nxd4 Nf6 7. Nc3 Nc6
8. O-O g6 9. Re1 Bg7 10. Nb3 O-O 11. h3 Qd8 12. Qe2 Nd7 13. Nd5 Re8 14. c3 e6
15. Nf4 Qc7 16. Nd3 b5 17. Be3 Rab8 18. Nd4 Rec8 19. Nxc6 Qxc6 20. Bxa7 Ra8 21.
Nb4 Qb7 22. Be3 Nc5 23. Bf4 Na4 24. Bxd6 Nxb2 25. Qxb2 Bxc3 26. Qe2 Rc4 27.
Rab1 Ra4 28. a3 Bxe1 29. Rxe1 Rxa3 30. Qb2 Ra4 31. Qf6 Qd7 32. Be5 Kf8 33. Qh8+
1-0

[Event "Quebec op Open"]
[Site "Montreal CAN"]
[Date "2010.07.29"]
[Round "7"]
[White "Yao, Houji"]
[Black "Dagenais, Benoit"]
[Result "1-0"]
[WhiteElo "1669"]
[BlackElo "1548"]
[PlyCount "131"]
[EventDate "2010.07.24"]
[EventType "swiss"]
[EventRounds "9"]
[EventCountry "CAN"]

1. e4 Nf6 2. Nc3 d5 3. exd5 Nxd5 4. Nxd5 Qxd5 5. d4 Nc6 6. c3 e5 7. dxe5 Qxd1+
8. Kxd1 Nxe5 9. Bf4 Ng4 10. Ke1 Bc5 11. Bg3 O-O 12. h3 Re8+ 13. Be2 Ne5 14. Kf1
Bf5 15. Rd1 Re7 16. Rd5 Bd6 17. f4 Be6 18. fxe5 Bxd5 19. exd6 cxd6 20. c4 Bc6
21. Bxd6 Re6 22. Bc5 Rae8 23. Rh2 Re5 24. Bd4 Ra5 25. a3 Rd8 26. Bc3 Rf5+ 27.
Nf3 Bxf3 28. Bxf3 Rc8 29. Ke1 b6 30. Bg4 Re8+ 31. Be2 Rc5 32. Kd1 b5 33. cxb5
Rd5+ 34. Ke1 Rxb5 35. g4 Rb7 36. Kd2 Rd7+ 37. Kc2 Re3 38. Bb4 Rc7+ 39. Kd2 Rg3
40. Ke1 Rc4 41. Kf2 Rb3 42. Bc3 Rcxc3 43. bxc3 Rxc3 44. a4 Rc2 45. Rh1 Ra2 46.
Rd1 g5 47. Rd4 Ra3 48. Bd3 Kg7 49. Kg3 Kf6 50. Kf2 Ke5 51. Ke3 a5 52. Rc4 Kd5
53. Rc7 f6 54. Rxh7 Rxa4 55. Rd7+ Ke6 56. Bf5+ Ke5 57. Re7+ Kd5 58. Re6 Ra3+
59. Kd2 Rxh3 60. Rxf6 a4 61. Ra6 a3 62. Bd3 Rh2+ 63. Kc3 a2 64. Rxa2 Rxa2 65.
Bc4+ Ke5 66. Bxa2 1-0

[Event "Quebec op Open"]
[Site "Montreal CAN"]
[Date "2010.07.29"]
[Round "7"]
[White "Zhu, Hong Rui"]
[Black "Beaulieu, Pierre"]
[Result "1-0"]
[WhiteElo "1885"]
[BlackElo "1985"]
[PlyCount "93"]
[EventDate "2010.07.24"]
[EventType "swiss"]
[EventRounds "9"]
[EventCountry "CAN"]

1. e4 b6 2. d4 Bb7 3. Nc3 e6 4. a3 Nf6 5. Bd3 d5 6. e5 Nfd7 7. Nce2 c5 8. c3
Nc6 9. f4 g6 10. Nf3 Be7 11. O-O c4 12. Bc2 Qc7 13. Be3 h6 14. Nd2 Na5 15. Kh1
a6 16. a4 b5 17. axb5 axb5 18. b3 Nb6 19. b4 Nc6 20. Rxa8+ Bxa8 21. g4 Nd8 22.
f5 g5 23. f6 Bf8 24. Ng3 Nc6 25. Qb1 Nxe5 26. dxe5 d4+ 27. Be4 dxe3 28. Nf3 h5
29. Bxa8 hxg4 30. Qe4 gxf3 31. Rd1 Be7 32. Qc6+ Qxc6 33. Bxc6+ Kf8 34. Bxf3 Rh6
35. fxe7+ Kxe7 36. Re1 Rh8 37. Rxe3 Rd8 38. Nf1 Nd5 39. Bxd5 exd5 40. Ng3 Ke6
41. Ne2 Rd7 42. Nd4+ Ke7 43. Nxb5 f6 44. e6 Rb7 45. Nd4 Kf8 46. Nf5 Rb8 47. e7+
1-0

[Event "Quebec op Open"]
[Site "Montreal CAN"]
[Date "2010.07.30"]
[Round "8"]
[White "Abran, David"]
[Black "Deschamps, Richard"]
[Result "1-0"]
[WhiteElo "1798"]
[BlackElo "2008"]
[PlyCount "75"]
[EventDate "2010.07.24"]
[EventType "swiss"]
[EventRounds "9"]
[EventCountry "CAN"]

1. d4 Nf6 2. Nf3 e6 3. e3 c5 4. Be2 cxd4 5. exd4 Qb6 6. O-O Nc6 7. c4 d5 8. Nc3
Bb4 9. Na4 Qd8 10. a3 Bd6 11. b4 dxc4 12. Bxc4 O-O 13. Bb2 a6 14. Nc3 Ne7 15.
Re1 b5 16. Bd3 Bb7 17. Ne4 Nfd5 18. Nc5 Bc6 19. Ne5 Bxe5 20. Rxe5 Nf4 21. Bf1
Neg6 22. Re3 Qd5 23. Rg3 h5 24. Qf3 h4 25. Qxd5 Bxd5 26. Rg4 f5 27. Rg5 Ra7 28.
g3 hxg3 29. hxg3 Kf7 30. gxf4 Nxf4 31. f3 Bxf3 32. d5 g6 33. dxe6+ Nxe6 34.
Nxe6 Kxe6 35. Rxg6+ Kd5 36. Kf2 Bh5 37. Rh6 Bg4 38. Rc1 1-0

[Event "Quebec op Open"]
[Site "Montreal CAN"]
[Date "2010.07.30"]
[Round "8"]
[White "Berube, Antoine"]
[Black "Nicula, Marius"]
[Result "1-0"]
[WhiteElo "2093"]
[BlackElo "2183"]
[PlyCount "99"]
[EventDate "2010.07.24"]
[EventType "swiss"]
[EventRounds "9"]
[EventCountry "CAN"]

1. d4 e6 2. c4 f5 3. g3 Nf6 4. Bg2 d5 5. Nh3 c6 6. O-O Be7 7. Nd2 O-O 8. Qc2
Bd7 9. Nf3 Ne4 10. Nf4 g5 11. Nd3 Be8 12. Nfe5 Nd7 13. b4 Nd6 14. Rb1 Nxe5 15.
Nxe5 Bf6 16. c5 Nf7 17. Bb2 Nxe5 18. dxe5 Bg7 19. Bd4 f4 20. Rb3 Bg6 21. Qb2 a6
22. a4 Be8 23. Bh3 Bd7 24. Kh1 Qe8 25. gxf4 Rxf4 26. Rg3 h6 27. e3 Rh4 28. f4
Qg6 29. Rfg1 Rf8 30. Bf1 g4 31. Qd2 Qe4+ 32. Qg2 Qxg2+ 33. R1xg2 h5 34. Kg1 Kh8
35. Bd3 Rf7 36. Rb2 Be8 37. b5 axb5 38. axb5 Bd7 39. b6 Rf8 40. Ra2 Rg8 41. Ra7
Bc8 42. Ra8 Rh3 43. Kg2 Rh4 44. Kg1 Rh3 45. Rxh3 gxh3 46. Kf2 Bd7 47. Rxg8+
Kxg8 48. Kg3 Bf8 49. Kh4 Kg7 50. Kxh5 1-0

[Event "Quebec op Open"]
[Site "Montreal CAN"]
[Date "2010.07.30"]
[Round "8"]
[White "Dagenais, Benoit"]
[Black "Beaulieu, Pierre"]
[Result "1-0"]
[WhiteElo "1548"]
[BlackElo "1985"]
[PlyCount "86"]
[EventDate "2010.07.24"]
[EventType "swiss"]
[EventRounds "9"]
[EventCountry "CAN"]

1. g3 c5 2. Bg2 Nf6 3. c4 g6 4. Nf3 Bg7 5. O-O O-O 6. d4 cxd4 7. Nxd4 Na6 8.
Bd2 d6 9. Na3 Nc5 10. Nb3 Nfe4 11. Nxc5 Nxc5 12. b4 Ne6 13. Rb1 Rb8 14. Be3 b6
15. Nc2 a6 16. Nd4 Nxd4 17. Bxd4 e5 18. Be3 Qc7 19. Bd5 Kh8 20. Qd2 Bh3 21.
Rfd1 Rfd8 22. f3 h5 23. a4 Be6 24. Bg5 Rd7 25. Kg2 Kh7 26. b5 Bxd5 27. cxd5 a5
28. Rdc1 Qb7 29. Rc6 f6 30. Be3 Qa7 31. Rbc1 Bf8 32. Qc2 Be7 33. Rc7 Rb7 34.
Rxb7 Qxb7 35. Qc7 Bd8 36. Qxb7 Rxb7 37. Rc6 Bc7 38. Bf2 Kg7 39. e4 Kf7 40. Kh3
g5 41. Kg2 Kg6 42. Be3 Kf7 43. f4 Kg6 1-0

[Event "Quebec op Open"]
[Site "Montreal CAN"]
[Date "2010.07.30"]
[Round "8"]
[White "Enkh-Amar, Galbadrakh"]
[Black "MacKinnon, Keith"]
[Result "1-0"]
[WhiteElo "2146"]
[BlackElo "2280"]
[PlyCount "63"]
[EventDate "2010.07.24"]
[EventType "swiss"]
[EventRounds "9"]
[EventCountry "CAN"]

1. Nf3 Nf6 2. c4 e6 3. g3 b6 4. Bg2 Bb7 5. O-O c5 6. Nc3 Be7 7. Re1 d6 8. e4
Nbd7 9. d4 cxd4 10. Nxd4 Qc7 11. b3 a6 12. Bb2 Rc8 13. Rc1 O-O 14. Qe2 Qb8 15.
g4 Ne5 16. g5 Nfd7 17. h4 Rfe8 18. f4 Ng6 19. Qg4 Nc5 20. h5 Nxf4 21. Qxf4 e5
22. Qg3 exd4 23. Nd5 Bxd5 24. exd5 Bf8 25. Bxd4 Rxe1+ 26. Rxe1 Re8 27. g6 hxg6
28. hxg6 Rxe1+ 29. Qxe1 Qc7 30. b4 Nd3 31. Qh4 fxg6 32. Bh3 1-0

[Event "Quebec op Open"]
[Site "Montreal CAN"]
[Date "2010.07.30"]
[Round "8"]
[White "Giroux, Robert"]
[Black "Khaziyeva, Dinara"]
[Result "0-1"]
[WhiteElo "2062"]
[BlackElo "2158"]
[PlyCount "94"]
[EventDate "2010.07.24"]
[EventType "swiss"]
[EventRounds "9"]
[EventCountry "CAN"]

1. d4 d6 2. e4 Nf6 3. Nc3 Nbd7 4. Nf3 e5 5. Bc4 Be7 6. g4 Nb6 7. Be2 Bxg4 8.
dxe5 Bxf3 9. Bxf3 dxe5 10. Qe2 Qd7 11. Rg1 g6 12. Bg5 h6 13. Be3 Bb4 14. Bd2
Na4 15. O-O-O Bxc3 16. Bxc3 Nxc3 17. bxc3 Qa4 18. Kb1 Qc6 19. Rd3 Ke7 20. Rgd1
Rad8 21. Qe3 Qb6+ 22. Qxb6 cxb6 23. Rxd8 Rxd8 24. Rxd8 Kxd8 25. Kc1 h5 26. h3
Kc7 27. Kd2 b5 28. Kd3 Kd6 29. c4 b4 30. c3 Kc5 31. cxb4+ Kxb4 32. Bd1 Nd7 33.
Bb3 Nc5+ 34. Kc2 Nxe4 35. c5 f6 36. c6 bxc6 37. Bf7 g5 38. f3 Nf2 39. Be6 e4
40. fxe4 Nxe4 41. Bf7 Ng3 42. Be8 c5 43. a4 a5 44. Bc6 c4 45. Bd7 Ne2 46. Be8
h4 47. Bd7 Nc3 0-1

[Event "Quebec op Open"]
[Site "Montreal CAN"]
[Date "2010.07.30"]
[Round "8"]
[White "Hajiyev, Elshad"]
[Black "Luksza, Arkadiusz"]
[Result "0-1"]
[WhiteElo "2121"]
[BlackElo "2195"]
[PlyCount "192"]
[EventDate "2010.07.24"]
[EventType "swiss"]
[EventRounds "9"]
[EventCountry "CAN"]

1. e4 e6 2. d3 d5 3. Nd2 c5 4. g3 Nc6 5. Bg2 Nf6 6. Ne2 e5 7. h3 Be7 8. O-O O-O
9. Kh2 dxe4 10. dxe4 Qc7 11. Nc3 Be6 12. Nd5 Qd7 13. c4 Rad8 14. Nb3 b6 15. f4
Ne8 16. Qe2 f6 17. a4 Bd6 18. Be3 Bxd5 19. cxd5 Nd4 20. Nxd4 cxd4 21. Bd2 a5
22. h4 Nc7 23. Bh3 Qe7 24. Rac1 Bc5 25. f5 Ne8 26. g4 Bb4 27. Rc6 Bxd2 28. Qxd2
Nd6 29. Bg2 Rc8 30. Rfc1 Rxc6 31. dxc6 Qc7 32. b4 axb4 33. Qxb4 Ra8 34. g5 fxg5
35. hxg5 Qe7 36. Qb3+ Kh8 37. f6 gxf6 38. Qxb6 f5 39. c7 Qxg5 40. Qb8+ Nc8 41.
Rf1 Qh6+ 42. Kg1 Qe3+ 43. Rf2 Qc1+ 44. Kh2 Qh6+ 45. Bh3 Qe3 46. Rxf5 Qd2+ 47.
Bg2 Qh6+ 48. Kg1 Qe3+ 49. Rf2 Qe1+ 50. Bf1 Qxe4 51. Qb4 Nd6 52. Qb8+ Nc8 53.
Rf8+ Kg7 54. Qb4 Rxa4 55. Qxa4 Kxf8 56. Qa3+ Kg7 57. Bh3 Qb1+ 58. Bf1 Qg6+ 59.
Bg2 Qg5 60. Kh2 Qf4+ 61. Kh1 Qh4+ 62. Bh3 Qe1+ 63. Kg2 Qd2+ 64. Kg1 Qd1+ 65.
Kh2 Qc2+ 66. Kg1 Qxc7 67. Qg3+ Kf8 68. Bxc8 Qxc8 69. Qxe5 Qg4+ 70. Kf2 h5 71.
Qf6+ Ke8 72. Qc6+ Ke7 73. Qc7+ Ke6 74. Qc6+ Ke5 75. Qc5+ Kf6 76. Qd6+ Kf7 77.
Qd5+ Ke7 78. Qe5+ Kf7 79. Qd5+ Kg6 80. Qd6+ Kh7 81. Qe7+ Qg7 82. Qe4+ Kg8 83.
Ke1 Qg1+ 84. Kd2 Qg4 85. Qe8+ Kg7 86. Qe7+ Kg6 87. Qe8+ Kf5 88. Qb5+ Kf4 89.
Qd5 Kg3 90. Ke1 h4 91. Qh1 Qe6+ 92. Kd1 Qb3+ 93. Kc1 Qe3+ 94. Kb1 d3 95. Qc6 h3
96. Qd6+ Kg2 0-1

[Event "Quebec op Open"]
[Site "Montreal CAN"]
[Date "2010.07.30"]
[Round "8"]
[White "Khassanov, Marat"]
[Black "Ramaswamy, Kishor"]
[Result "1-0"]
[WhiteElo "2303"]
[BlackElo "2178"]
[PlyCount "63"]
[EventDate "2010.07.24"]
[EventType "swiss"]
[EventRounds "9"]
[EventCountry "CAN"]

1. e4 c6 2. d4 d5 3. Nd2 dxe4 4. Nxe4 Nf6 5. Nxf6+ gxf6 6. c3 Bf5 7. Nf3 Nd7 8.
g3 e6 9. Bg2 Qc7 10. Nh4 Bg6 11. O-O O-O-O 12. a4 Be7 13. b4 f5 14. Nxg6 hxg6
15. b5 g5 16. bxc6 bxc6 17. Qe2 Nb8 18. Ba3 Kd7 19. Rfb1 g4 20. Bc1 Bd6 21. c4
Qc8 22. Bg5 Rdg8 23. Qe3 Rh5 24. Bf6 Rg6 25. Be5 Bxe5 26. dxe5 Qc7 27. Rxb8
Qxb8 28. Qc5 Qb6 29. Rd1+ Kc7 30. Qe7+ Kc8 31. Qf8+ Kb7 32. Qxf7+ 1-0

[Event "Quebec op Open"]
[Site "Montreal CAN"]
[Date "2010.07.30"]
[Round "8"]
[White "Libersan, Thierry"]
[Black "Robichaud, Louis"]
[Result "1-0"]
[WhiteElo "2118"]
[BlackElo "2025"]
[PlyCount "80"]
[EventDate "2010.07.24"]
[EventType "swiss"]
[EventRounds "9"]
[EventCountry "CAN"]

1. e4 e5 2. Nf3 Nc6 3. Bb5 a6 4. Ba4 Nf6 5. d3 Bc5 6. c3 d6 7. O-O Ba7 8. Re1
O-O 9. Bg5 h6 10. Bh4 g5 11. Bg3 g4 12. Nh4 Nh5 13. Nd2 Qg5 14. Nf1 Bd7 15. Ne3
Bxe3 16. Rxe3 b5 17. Bb3 Na5 18. Bc2 c5 19. Re1 Nc6 20. Bb3 Kh8 21. a4 b4 22.
Bd5 Rad8 23. Bxc6 Bxc6 24. cxb4 cxb4 25. Rc1 Ba8 26. Rc7 Nxg3 27. hxg3 d5 28.
Qb3 Qd2 29. Rf1 Kg8 30. Rc2 Qg5 31. Qxb4 Rb8 32. Qa5 dxe4 33. dxe4 Bxe4 34. Re2
f5 35. Qxe5 Rfe8 36. Qd6 Red8 37. Qe6+ Kg7 38. Rfe1 h5 39. Qxa6 Ra8 40. Qb5 Rd5
1-0

[Event "Quebec op Open"]
[Site "Montreal CAN"]
[Date "2010.07.30"]
[Round "8"]
[White "Poulin, Mathieu"]
[Black "Sasseville, Jean"]
[Result "1/2-1/2"]
[WhiteElo "2078"]
[BlackElo "1938"]
[PlyCount "81"]
[EventDate "2010.07.24"]
[EventType "swiss"]
[EventRounds "9"]
[EventCountry "CAN"]

1. d4 f5 2. Nf3 Nf6 3. g3 g6 4. Bg2 Bg7 5. O-O O-O 6. e3 d6 7. d5 Na6 8. Nd4
Nc5 9. b4 e5 10. dxe6 Nce4 11. f3 Ng5 12. e4 Nxe6 13. Nxe6 Bxe6 14. exf5 Bxf5
15. Bb2 c6 16. f4 Qb6+ 17. Qd4 Qxd4+ 18. Bxd4 Bxc2 19. Na3 Bd3 20. Rfd1 Be2 21.
Rd2 Rfe8 22. Re1 Ba6 23. Rxe8+ Rxe8 24. Bf3 Ne4 25. Bxe4 Rxe4 26. Bxg7 Kxg7 27.
b5 Bxb5 28. Nxb5 cxb5 29. Rxd6 Re7 30. Kf2 a6 31. Kf3 Rc7 32. Rb6 h5 33. Ke4
Rc2 34. Rxb7+ Kh6 35. Rb6 Rxa2 36. f5 Ra4+ 37. Ke5 Ra2 38. Rxg6+ Kh7 39. Kf6
Rxh2 40. Rg7+ Kh6 41. Rg6+ 1/2-1/2

[Event "Quebec op Open"]
[Site "Montreal CAN"]
[Date "2010.07.30"]
[Round "8"]
[White "Vallieres, Mario"]
[Black "Plante, Michel"]
[Result "0-1"]
[WhiteElo "1992"]
[BlackElo "2108"]
[PlyCount "60"]
[EventDate "2010.07.24"]
[EventType "swiss"]
[EventRounds "9"]
[EventCountry "CAN"]

1. d4 d6 2. Nc3 Nf6 3. e4 e5 4. dxe5 dxe5 5. Qxd8+ Kxd8 6. Bg5 Be6 7. O-O-O+
Nbd7 8. f3 c6 9. Be3 Kc7 10. Nge2 b5 11. g4 Nb6 12. b3 b4 13. Nb1 a5 14. g5
Nfd7 15. f4 f6 16. h4 Nc5 17. f5 Bf7 18. Ng3 Be7 19. Rh2 a4 20. Kb2 Ra7 21. Nd2
Rha8 22. Ra1 axb3 23. cxb3 Nxb3 24. Bxb6+ Kxb6 25. Nc4+ Bxc4 26. Bxc4 Nxa1 27.
Kxa1 Ra3 28. Nf1 b3 29. Rb2 Rxa2+ 30. Kb1 Ra1# 0-1